000 00388nam a2200181Ia 4500
003 OSt
005 20230221110926.0
008 210210b xxu||||| |||| 00| 0 eng d
040 _cAL
041 _aeng
082 _a382/60 SHAA
100 _aSHARMA (T R)
_972752
245 _aAuditing
260 _bNot Mentioned
690 _aAuditing
_972753
906 _aSG03334
942 _2ddc
_cSG
999 _c117615
_d117615